00404nam a22001217a 4500082002600000100004800026245004500074250002600119260006900145300002300214526003700237650000800274 a621.56bAIRcL-8, P-1 aAmerican society of refrigerating engineers aAir conditioning refrigerating data book adesign volume 9th ed. aNew YorkbThe American society of refrigerating engineers.c1955 a1-16, 231 p.bill. a0b0c0d621_560000000000000_AIR aMCE